Statistics for Olympic Men's Ice Hockey Top 4 Positions

Click here to take the quiz!

General Stats

  • This quiz has been taken 1,466 times
    (1,030 since last reset)
  • The average score is 11 of 15

Answer Stats

Answer% Correct
Canada
100%
United States
99%
Sweden
98%
Finland
97%
Russia
96%
Soviet Union
91%
Czechia
89%
Germany
87%
Slovakia
79%
Switzerland
73%
Czechoslovakia
67%
Great Britain
41%
Poland
41%
Belarus
37%
West Germany
36%

Score Distribution

Percentile by Number Answered

Percent of People with Each Score

Your Score History

You have not taken this quiz since the last reset